<?xml version="1.0" encoding="UTF-8"?><?xml-stylesheet type="text/xsl" href="static/style.xsl"?><OAI-PMH xmlns="http://www.openarchives.org/OAI/2.0/" xmlns:xsi="http://www.w3.org/2001/XMLSchema-instance" xsi:schemaLocation="http://www.openarchives.org/OAI/2.0/ http://www.openarchives.org/OAI/2.0/OAI-PMH.xsd"><responseDate>2026-04-17T11:48:35Z</responseDate><request verb="GetRecord" identifier="oai:www.recercat.cat:10256/14139" metadataPrefix="marc">https://recercat.cat/oai/request</request><GetRecord><record><header><identifier>oai:recercat.cat:10256/14139</identifier><datestamp>2024-06-18T12:10:58Z</datestamp><setSpec>com_2072_452955</setSpec><setSpec>com_2072_2054</setSpec><setSpec>col_2072_452961</setSpec></header><metadata><record xmlns="http://www.loc.gov/MARC21/slim" xmlns:dcterms="http://purl.org/dc/terms/" xmlns:xsi="http://www.w3.org/2001/XMLSchema-instance" xmlns:doc="http://www.lyncode.com/xoai" xsi:schemaLocation="http://www.loc.gov/MARC21/slim http://www.loc.gov/standards/marcxml/schema/MARC21slim.xsd">
   <leader>00925njm 22002777a 4500</leader>
   <datafield ind2=" " ind1=" " tag="042">
      <subfield code="a">dc</subfield>
   </datafield>
   <datafield ind2=" " ind1=" " tag="720">
      <subfield code="a">Cicres i Bosch, Jordi</subfield>
      <subfield code="e">author</subfield>
   </datafield>
   <datafield ind2=" " ind1=" " tag="720">
      <subfield code="a">Llach Carles, Sílvia</subfield>
      <subfield code="e">author</subfield>
   </datafield>
   <datafield ind2=" " ind1=" " tag="720">
      <subfield code="a">Ribot i Mundet, Maria Dolors de</subfield>
      <subfield code="e">author</subfield>
   </datafield>
   <datafield ind2=" " ind1=" " tag="260">
      <subfield code="c">2016</subfield>
   </datafield>
   <datafield ind2=" " ind1=" " tag="520">
      <subfield code="a">This work analyses the content of 291 newspaper articles about the eduCAT 1x1 institutional&#xd;
program (one laptop per child) proceeding of 10 newspapers and published during 2009 and 2012. The&#xd;
first goal is to detect the positive, negative and neutral ideas contained in the papers. The second goal&#xd;
is to check if these ideas are significantly related with some variables, such as the type of article, the&#xd;
newspaper, its place of edition, its publishing language, and its distribution. Results obtained reveals&#xd;
that there are more negative ideas than positive or neutral, and only the type of article has a significant&#xd;
effect on the ideas spread by the author, but not the newspaper of origin, nor the language that are&#xd;
written, nor the type of distribution</subfield>
   </datafield>
   <datafield ind2=" " ind1=" " tag="520">
      <subfield code="a">Este trabajo analiza el contenido de 291 artículos de prensa procedentes de 10 periódicos&#xd;
sobre el programa eduCAT 1x1 (un ordenador por alumno), publicados durante los años 2009 y 2012.&#xd;
Un primer objetivo es detectar las ideas positivas, negativas y neutras que aparecen en ellos. Un segundo&#xd;
objetivo es comprobar si estas ideas tienen relación significativa con diversas variables, como el tipo&#xd;
de artículo, el periódico de procedencia, la lengua en que está escrito, o el contexto de distribución. Los&#xd;
resultados muestran que aparecen más ideas negativas que positivas o neutras, y que se da una relación&#xd;
significativa de éstas con el tipo de artículo, pero no con el periódico que las publica, ni con la lengua&#xd;
utilizada, ni con el ámbito de distribución</subfield>
   </datafield>
   <datafield ind1="8" ind2=" " tag="024">
      <subfield code="a">http://hdl.handle.net/10256/14139</subfield>
   </datafield>
   <datafield tag="653" ind2=" " ind1=" ">
      <subfield code="a">Ordinadors en l'ensenyament</subfield>
   </datafield>
   <datafield tag="653" ind2=" " ind1=" ">
      <subfield code="a">Education -- Data processing</subfield>
   </datafield>
   <datafield tag="653" ind2=" " ind1=" ">
      <subfield code="a">Ensenyament -- Innovacions</subfield>
   </datafield>
   <datafield tag="653" ind2=" " ind1=" ">
      <subfield code="a">Educational innovations</subfield>
   </datafield>
   <datafield tag="653" ind2=" " ind1=" ">
      <subfield code="a">Tecnologia educativa</subfield>
   </datafield>
   <datafield tag="653" ind2=" " ind1=" ">
      <subfield code="a">Educational technology</subfield>
   </datafield>
   <datafield ind2="0" ind1="0" tag="245">
      <subfield code="a">Representaciones del programa eduCAT 1x1 en la prensa impresa catalana (2009-2012) = Program eduCAT 1x1 representations in the Catalan print media (2009- 2012)</subfield>
   </datafield>
</record></metadata></record></GetRecord></OAI-PMH>